Sports Quiz

Random Sports or NFL Quiz

Top 5 Picks in NFL Draft (2000s) Quiz Stats

Quiz not verified by Sporcle

Challenge
Share
Tweet
Embed
Score 0/65 Timer 10:00
0 Plays Today
Draft Year Player % Correct
2012Andrew Luck
98.7%
2012Robert Griffin
97.8%
2011Cam Newton
97.3%
2009Matthew Stafford
96%
2010Sam Bradford
95.5%
2010Trent Williams
95.1%
2006Mario Williams
95.1%
2005Carnell Williams
95.1%
2002Mike Williams
94.6%
2005Alex Smith
94.2%
2009Jason Smith
93.8%
2008Jake Long
93.8%
2008Chris Long
93.8%
2001Justin Smith
93.8%
2007Calvin Johnson
93.3%
2004Eli Manning
93.3%
2003Andre Johnson
92.9%
2007JaMarcus Russell
92%
2006Reggie Bush
90.6%
2004Philip Rivers
90.2%
2012Trent Richardson
87.5%
2001Michael Vick
87.5%
2007Levi Brown
87.1%
2005Ronnie Brown
87.1%
2002David Carr
87.1%
2000Courtney Brown
87.1%
2003Carson Palmer
86.6%
2010Ndamukong Suh
84.8%
2011Von Miller
83.9%
2008Matt Ryan
83.5%
2011A.J. Green
81.3%
2006Vince Young
79.9%
2009Mark Sanchez
78.6%
Draft Year Player % Correct
2012Justin Blackmon
77.2%
2009Tyson Jackson
76.3%
2008Darren McFadden
74.6%
2011Patrick Peterson
73.2%
2001LaDainian Tomlinson
70.5%
2007Joe Thomas
70.1%
2012Matt Kalil
69.6%
2003Charles Rogers
69.6%
2004Larry Fitzgerald
68.3%
2006D'Brickashaw Ferguson
66.5%
2010Gerald McCoy
66.1%
2006A.J. Hawk
63.4%
2000Jamal Lewis
63.4%
2005Cedric Benson
62.5%
2010Eric Berry
62.1%
2011Marcell Dareus
60.3%
2008Glenn Dorsey
59.8%
2004Robert Gallery
59.8%
2009Aaron Curry
57.6%
2005Braylon Edwards
57.1%
2002Julius Peppers
55.8%
2002Joey Harrington
54%
2000LaVar Arrington
49.6%
2004Sean Taylor
47.8%
2007Gaines Adams
42.9%
2003Terence Newman
37.9%
2001Leonard Davis
35.7%
2000Chris Samuels
34.8%
2002Quentin Jammer
30.8%
2000Peter Warrick
28.1%
2003Dewayne Robertson
27.2%
2001Gerard Warren
20.5%

You're not logged in!

Compare scores with friends on all Sporcle quizzes.
Sign Up with Email
OR
Log In

You Might Also Like...

Show Comments

Extras

Top Quizzes Today


Score Distribution

Your Account Isn't Verified!

In order to create a playlist on Sporcle, you need to verify the email address you used during registration. Go to your Sporcle Settings to finish the process.